000 00685nas a2200241 4500
001 BR9502169
003 BR-BrBNA
005 20231205093950.0
007 ta
008 230509b bl.|||p| |||| 00| 00por d
040 _aBR-BrBNA
_bpor
_cBiblioteca Nacional de Agricultura
041 _a(Pt)
072 _aE70
100 1 _aSperandio, J.P.
100 1 _aKeinert Junior, S.
245 1 _aAnalise da demanda e oferta de compensado do Estado do Parana
650 _aCompensado
650 _aMercado
650 _aPARANÁ
773 0 _tFloresta (Brazil)
_xISSN 0015-3826
_g1989, v. 19(1-2) p. 82-85
_wBR9502169
909 _a202311
_bLúcia
_c55
_dLúcia Elande
942 _2AGRIS
_n0
_cANA
999 _c141342
_d141342